Lanean...
Brief history of buddhist studies in Europe and America/
| Egile nagusia: | |
|---|---|
| Formatua: | Printed Book |
| Argitaratua: |
Varanasi:
Bharat-Bharati,
1976.
|
| Gaiak: |
| LEADER | 00557nam a22001697a 4500 | ||
|---|---|---|---|
| 082 | |a 294.3 |b DEJ/B | ||
| 100 | |a de Jong J W | ||
| 245 | |a Brief history of buddhist studies in Europe and America/ |c by J W de Jong. | ||
| 260 | |a Varanasi: |b Bharat-Bharati, |c 1976. | ||
| 300 | |a 94p. | ||
| 650 | |a Buddhism | ||
| 650 | |a Buddhism Europe | ||
| 650 | |a Buddhism America | ||
| 650 | |a Religion | ||
| 942 | |c BK | ||
| 999 | |c 57092 |d 57092 | ||
| 952 | |0 0 |1 0 |4 0 |6 294_300000000000000_DEJ_B |7 0 |9 80240 |a SSUS |b SSUS |c STACKS |d 2015-10-20 |g 100.00 |o 294.3 DEJ/B |p 078806 |r 2015-10-20 |w 2015-10-20 |y BK | ||